[Event "Tata Steel-A 73rd"]
[Site "Wijk aan Zee"]
[Date "2011.01.23"]
[Round "8"]
[White "L'Ami, Erwin"]
[Black "Nepomniachtchi, Ian"]
[Result "1/2-1/2"]
[WhiteElo "2628"]
[BlackElo "2733"]
[Annotator "Krasenkow,M"]
[PlyCount "121"]
[EventDate "2011.01.14"]
[EventType "tourn"]
[EventRounds "13"]
[EventCountry "NED"]
[EventCategory "20"]
[SourceTitle "CBM 141"]
[Source "ChessBase"]
[SourceDate "2011.03.17"]
[SourceVersion "1"]
[SourceVersionDate "2011.03.17"]
[SourceQuality "1"]

1. d4 Nf6 2. c4 g6 3. Nf3 Bg7 4. g3 O-O 5. Bg2 d5 6. cxd5 Nxd5 7. O-O Nb6 8.
Nc3 Nc6 9. e3 Re8 10. Re1 a5 11. Qe2 e5 12. dxe5 Nxe5 13. Nxe5 Bxe5 14. e4 {
White is trying to make use of his central pawn advantage.} (14. f4 Bxc3 15.
bxc3 Bf5 $5 16. Bxb7 Rb8 17. Bg2 Bd3 18. Qf2 Be4 19. Bf1 Qe7 20. a4 Qe6 21. Bb5
Red8 $44 {0-1 Potkin,V (2626)-Wang Yue (2716)/Ningbo 2010/CBM 138 (62)}) 14...
Be6 {The most obvious and the best.} (14... a4 $6 15. f4 (15. Be3 a3 16. Rad1
Qe7 17. f4 Bxc3 18. bxc3 Na4 19. Qf2 Nb2 20. Rd2 Ra5 21. f5 $13 {1-0
Khismatullin,D (2614)-Efimenko,Z (2654)/Ohrid 2009/CBM 133 (34)}) 15... Bd4+
16. Be3 a3 17. Rad1 Bxe3+ 18. Qxe3 Qe7 19. b3 Ra5 20. e5 $1 $16 {1-0 Dziuba,M 
(2584)-Brendel,O (2389)/Warsaw 2010/CBM 139 Extra (40)}) (14... c6 15. Be3 Be6
16. f4 Bg7 17. e5 f6 18. Rad1 Qc7 19. exf6 Bxf6 20. Ne4 Be7 21. b3 Nd5 22. Bd4
Bf5 23. Qc4 $14 {1-0 Tkachiev,V (2650)-Maze,S (2546)/Nimes 2009/CBM 132 (41)})
(14... Bd7 $5 15. f4 $6 (15. Be3 $142 $1 {not yet seen in practice} Bc6 $140
16. Rad1 Qe7 17. Nd5) 15... Bxc3 16. bxc3 Bc6 {with an even more comfortable
position for Black than in the game:} 17. Bb2 Qe7 (17... Qd6 $144 18. Rad1 (18.
c4 Qc5+ 19. Kh1 Qxc4 20. Qe3 f5 $1 21. Rac1 {1-0 Potkin,V (2606)-Areshchenko,A
(2667)/Germany 2010/EXT 2011 (62)} Bxe4 $1 $17)) 18. Rad1 Qc5+ 19. Kh1 Nc4 20.
Rd4 b5 $11 {1/2 Kazhgaleyev,M (2643)-Tomczak,J (2500)/Cappelle la Grande 2010/
CBM 134 Extra (41)}) 15. f4 (15. Rd1 Qe7) 15... Bxc3 $1 (15... Bg7 16. Be3 Qe7
17. e5 Rab8 18. Ne4 Red8 19. Bc5 Qd7 20. Rad1 Qe8 21. Nd6 cxd6 22. Bxb6 $16 {
1/2 Rogozenco,D (2541)-Areshchenko,A (2667)/Germany 2009/EXT 2010 (27)}) (15...
Bd4+ 16. Be3 Nc4 17. Bf2 Bxc3 (17... c6 18. Rad1 Bxf2+ 19. Qxf2 Qb6 20. b3
Qxf2+ 21. Kxf2 Nb6 22. e5 a4 23. Ne4 $14 {1-0 Laznicka,V (2636)-Navara,D (2718)
/Hustopece 2010/CBM 136 Extra (42)}) 18. bxc3 Qd2 19. Qf3 $1 (19. Qxd2 Nxd2 20.
f5 gxf5 21. exf5 Bxf5 22. Bxb7 Rab8 $11 {1/2 Jussupow,A (2566)-Ftacnik,L (2532)
/Germany 2010/EXT 2011 (27)}) 19... Red8 20. f5 Rd3 21. Qg4 Bd7 22. e5 $40 {
1-0 Jussupow,A (2573)-Karr,J (2385)/France 2010/CBM 135 Extra (33)}) 16. bxc3
Bd5 17. Qf2 Bc6 18. Ba3 (18. f5 Na4 19. c4 Qf6 20. Be3 Rad8 21. h4 $6 Qb2 $1
22. c5 Qxf2+ 23. Bxf2 Nc3 $17 {0-1 Bocharov,D (2618)-Nepomniachtchi,I (2706)/
Irkutsk 2010/CBM 138 (40)}) 18... Na4 $1 $146 {[%mdl 8] Restricting White's
a3-bishop.} (18... Qf6 19. Rad1 Rad8 20. Rd4 h5 $6 21. Bc5 $36 Qe6 22. f5 gxf5
23. Rxd8 Rxd8 24. exf5 $16 {[%csl Rg8] 1-0 Romanko,M (2404)-Gabrielian,A (2543)
/Moscow RUS 2011/The Week in Chess 850 (30)}) 19. Rad1 Qf6 20. Rd4 Rad8 21. e5
Qe6 22. f5 $1 gxf5 23. Bxc6 Qxc6 24. Qxf5 Rxd4 25. cxd4 Qe6 26. Qg5+ Qg6 27.
Qd2 Nb6 {[%mdl 512] The knight can now come back. Black sacrifices the a5-pawn
but obtains sufficient counterplay.} 28. Qxa5 Qd3 $1 29. Qc5 Na4 30. Qc1 (30.
Qb4 $142 b5 $44 31. e6 $5 fxe6 32. Rxe6 Qd1+ 33. Kg2 Qc2+ 34. Kg1 $11) 30...
Qxd4+ 31. Qe3 Qxe3+ 32. Rxe3 {[%mdl 4096]} Nb6 33. Rc3 Nd5 $15 {The black
knight is a bit stronger than the white bishop here but this advantage is
insufficient for a victory.} 34. Rb3 b6 35. Bb2 Kf8 (35... Ra8 $5 36. a3 Ra4)
36. Kf2 Ke7 37. a3 Ke6 38. g4 Rg8 39. Rg3 c5 40. Kf3 c4 41. Ke4 Rg5 42. a4 h5
43. h3 hxg4 44. hxg4 Rg8 45. Kd4 Ra8 46. Kxc4 Rxa4+ 47. Kb3 Rb4+ 48. Ka3 Re4
49. g5 Kf5 50. Rd3 Ne3 51. Kb3 b5 52. Rd7 Kg6 53. Rb7 Nc4 54. Rxb5 Nxb2 55.
Kxb2 Kxg5 56. Rb7 Kg6 57. Rb6+ Kg7 58. Rb5 Kg6 59. Rb6+ Kf5 60. Rf6+ Kxe5 61.
Rxf7 1/2-1/2

[Event "Leon"]
[Site "Leon"]
[Date "1994.??.??"]
[Round "1"]
[White "Sion Castro, Marcelino"]
[Black "Leko, Peter"]
[Result "0-1"]
[WhiteElo "2380"]
[BlackElo "2545"]
[Annotator "Leko,P"]
[PlyCount "118"]
[EventDate "1994.05.??"]
[EventType "tourn"]
[EventRounds "9"]
[EventCountry "ESP"]
[EventCategory "12"]
[SourceTitle "CBM 042"]
[Source "ChessBase"]
[SourceDate "1994.10.01"]
[SourceVersion "1"]
[SourceVersionDate "1994.10.01"]
[SourceQuality "1"]

1. d4 {Ftacnik} Nf6 2. Nf3 g6 3. c4 Bg7 4. Nc3 d5 5. cxd5 Nxd5 6. g3 Nb6 7. Bg2
Nc6 8. e3 O-O 9. O-O e5 10. dxe5 Nxe5 11. Nxe5 Bxe5 $146 {(...Qd1)} (11... Qxd1
{Ftacnik} 12. Rxd1 Bxe5 $10) 12. Qc2 c6 13. b3 Qe7 14. Bb2 Re8 15. Kh1 $5 {
(/\e4,f4)} (15. e4 {Ftacnik /\ f4}) 15... Bg7 16. e4 Bd7 $1 (16... h5 $6 17. f4
h4 18. e5 hxg3 19. hxg3 $16 {(/\Ne4)}) (16... Be6 17. f4 f6 (17... Rad8 $2 18.
f5 Bc8 19. f6 $1 Bxf6 20. Rxf6 Qxf6 21. Nd5 $16) 18. f5 Bf7 19. e5 $1 $36 (19.
e5 {Ftacnik} fxe5 20. Ne4 $36)) 17. a4 $2 (17. f4 Rad8 18. e5 f5 19. Rfd1 Be6
$10) 17... Be6 $1 {(><b3)} 18. Ba3 Qf6 19. Bb2 Qe7 20. Ba3 Qf6 21. Bb2 Qd4 $1 {
(/\Qb4 ><b3)} 22. a5 (22. Nd1 {Ftacnik} Qb4 $17) 22... Nd7 23. Ra4 Qc5 24. Rc1
b5 25. axb6 axb6 $1 (25... Nxb6 26. Ra3 $10) 26. b4 Qc4 $1 (26... Qe7 27. Rxa8
Rxa8 28. b5 $10) 27. Bf1 Qb3 28. Qxb3 Bxb3 29. Rxa8 Rxa8 $15 30. b5 cxb5 31.
Bxb5 Nc5 32. Kg2 (32. f3 Rd8 $1 {(/\Rd2-/+)}) 32... Ra5 $1 $17 33. Ra1 (33. Be2
Nxe4 34. Nxe4 Bxb2 35. Rb1 Ra2 36. Nc3 Bxc3 37. Rxb3 $17 (37. Rxb3 {Ftacnik}
Bd4 $17)) 33... Rxa1 (33... Rxb5 $2 34. Ra8+ $1 Bf8 35. Nxb5 $18) (33... Bxc3
$6 34. Bxc3 Rxa1 (34... Rxb5 $4 35. Ra8#) 35. Bxa1 Nxe4 $15) 34. Bxa1 Nxe4 $1
35. Nxe4 Bxa1 36. Kf3 Bd4 37. Ke2 Bc2 38. f3 f5 39. Nd6 Bg1 40. Nc4 $6 (40. h3
$17) 40... Bxh2 41. Kf2 f4 42. gxf4 (42. g4 {Ftacnik} Bd3 $19) 42... Bd3 $1 43.
Ke3 Bf1 44. Kf2 Bxc4 45. Bxc4+ Kg7 46. Ke3 Kf6 47. Ke4 h5 48. Ba6 h4 49. Bf1
Bg1 50. Bh3 Bh2 (50... Bc5 $2 51. f5 $10 (51. f5 {Ftacnik} g5 52. f4 $10)) 51.
Bf1 Bg3 $22 $19 52. Bh3 b5 53. f5 g5 54. f4 Bxf4 55. Kf3 b4 56. Kg4 b3 57. Bf1
b2 58. Bd3 Bd6 59. Bc2 Ke7 (59... Be7 {Ftacnik} 60. Bb1 Ke5 61. Bc2 Kd4 $19)
0-1

[Event "USA-ch"]
[Site "Saint Louis"]
[Date "2012.05.09"]
[Round "2"]
[White "Ramirez Alvarez, Alejandro"]
[Black "Nakamura, Hikaru"]
[Result "1/2-1/2"]
[WhiteElo "2593"]
[BlackElo "2775"]
[Annotator "Let's Check"]
[PlyCount "80"]
[EventDate "2012.05.08"]
[EventType "tourn"]
[EventRounds "11"]
[EventCountry "USA"]
[EventCategory "16"]
[SourceTitle "CBM 149"]
[Source "ChessBase"]
[SourceDate "2012.07.17"]
[SourceVersion "1"]
[SourceVersionDate "2012.07.17"]
[SourceQuality "1"]

1. d4 Nf6 2. c4 g6 3. Nf3 Bg7 4. g3 d5 5. cxd5 Nxd5 6. Bg2 Nb6 7. O-O Nc6 8. e3
O-O 9. Nc3 Bd7 10. h3 Re8 11. Kh2 Qc8 12. Re1 e5 13. d5 Na5 14. e4 c6 15. b3
cxd5 16. Nxd5 Nxd5 17. Qxd5 Nc6 18. Ng5 Nd8 19. Rd1 Bc6 20. Qc4 h6 21. Nf3 b5
22. Qe2 Qb7 23. Re1 Ne6 24. Bb2 Nd4 25. Nxd4 exd4 26. Rad1 Rad8 27. Rd2 f5 28.
Qd1 Re7 29. Bxd4 $6 (29. f3 fxe4 30. fxe4 $15) 29... Red7 $19 30. Be3 Bc3 31.
Rxd7 Rxd7 32. Qc1 Bxe1 33. Qxe1 Bxe4 34. Bxe4 Qxe4 35. Qc1 Kf7 $6 (35... Kh7
36. h4 g5 $19) 36. Bxh6 $17 Qf3 37. Qc5 Ke6 38. Be3 a6 39. Qc8 Qd5 40. Qg8+ Kf6
1/2-1/2

[Event "EU-ch 13th"]
[Site "Plovdiv"]
[Date "2012.03.21"]
[Round "2"]
[White "Potkin, Vladimir"]
[Black "Pavlidis, Antonios"]
[Result "1/2-1/2"]
[WhiteElo "2669"]
[BlackElo "2431"]
[Annotator "Let's Check"]
[PlyCount "84"]
[EventDate "2012.03.20"]
[EventType "swiss"]
[EventRounds "11"]
[EventCountry "BUL"]
[SourceTitle "CBM 148"]
[Source "ChessBase"]
[SourceDate "2012.05.16"]
[SourceVersion "1"]
[SourceVersionDate "2012.05.16"]
[SourceQuality "1"]

1. d4 Nf6 2. c4 g6 3. g3 Bg7 4. Bg2 d5 5. cxd5 Nxd5 6. Nf3 Nb6 7. Nc3 Nc6 8. e3
O-O 9. O-O Re8 10. Re1 a5 11. Qc2 a4 12. Rd1 Bf5 13. Qe2 Qd7 14. d5 Na5 15. e4
Bg4 16. Be3 a3 17. Bd4 axb2 18. Qxb2 Nac4 19. Qc1 Bxf3 20. Bxf3 Bxd4 21. Rxd4
e5 22. Rd1 Na4 23. Kg2 Nd6 24. h4 Nxc3 25. Qxc3 Nb5 26. Qb2 Nd4 27. Rxd4 exd4
28. Qxd4 Ra3 29. h5 Qa4 30. Qf6 Qa6 31. Qg5 h6 32. Qg4 Qf6 33. Rc1 Rxa2 34.
hxg6 fxg6 $6 (34... Rxf2+ $3 35. Kxf2 Qb2+ $17) 35. Rxc7 Qb6 36. Kh3 Qxc7 37.
Qxg6+ Kf8 38. Qf6+ Qf7 39. Qh8+ $1 Qg8 40. Qf6+ Qf7 41. Qh8+ Qg8 42. Qf6+ Qf7
1/2-1/2

[Event "Moscow Tal Memorial 4th"]
[Site "Moscow"]
[Date "2009.11.08"]
[Round "4"]
[White "Ponomariov, Ruslan"]
[Black "Anand, Viswanathan"]
[Result "1/2-1/2"]
[WhiteElo "2739"]
[BlackElo "2788"]
[Annotator "Marin,M"]
[PlyCount "67"]
[EventDate "2009.11.05"]
[EventType "tourn"]
[EventRounds "9"]
[EventCountry "RUS"]
[EventCategory "21"]
[SourceTitle "CBM 133"]
[Source "ChessBase"]
[SourceDate "2009.11.19"]
[SourceVersion "1"]
[SourceVersionDate "2009.11.19"]
[SourceQuality "1"]

1. d4 Nf6 2. c4 g6 3. g3 Bg7 4. Bg2 d5 5. cxd5 Nxd5 6. Nf3 Nb6 7. Nc3 Nc6 8. e3
O-O 9. O-O Re8 10. Re1 Bd7 11. b3 e5 12. Nxe5 Nxe5 13. dxe5 Bxe5 14. Bb2 c6 15.
f4 {Ambitiously fighting for space, but weakening the g1-a7 diagonal...} ({
The more restarined} 15. Qc2 {does not confront Black with problems.} a5 16.
Rad1 Qe7 17. h3 Qc5 18. Re2 Be6 19. Red2 Bg7 20. Ne2 Qxc2 21. Rxc2 a4 $132 {
Laylo,D (2504)-Li,C (2590)/Manila 2008/CBM 126 Extra (0-1, 70)}) 15... Bg7 16.
e4 {This looks strong, but Black has not exhausted his resources yet.} Nc4 $1 {
An elegant way to simplify the position.} 17. bxc4 Qb6+ 18. Kh1 Qxb2 19. Rb1
Qxc3 20. Qxd7 Rab8 $146 ({This may be more reliable than the previously played
} 20... b6 {when Black was struggling still, despite the presence of opposite
bishops.} 21. Qxc6 Rac8 22. Qa4 Qxc4 23. Qxa7 Bc3 24. Rec1 Ra8 25. Qxb6 Rxa2
26. Qe3 Rc8 27. Bf1 Qc5 28. Qxc5 Rxc5 $14 {Maletin,P (2576)-Negi,P (2615)/St
Petersburg 2009 (1/2, 44)}) 21. Rec1 Qa3 22. Rd1 Re7 23. Qd6 Qxd6 24. Rxd6 Rbe8
25. Bf3 Bf8 26. e5 Rc7 27. Rd3 f6 28. exf6 Re6 29. Bg4 Rxf6 30. Rd7 Rxd7 31.
Bxd7 b6 {Now is a better moment to play this move.} 32. Rd1 Rd6 $1 {And,
finally, the pawn is sacrificed only on the occasion of the exchange of the
last remaining pair of additional pieces.} 33. Rxd6 Bxd6 34. Bxc6 1/2-1/2

[Event "Olympiad-36"]
[Site "Mallorca"]
[Date "2004.10.23"]
[Round "8"]
[White "Stefansson, Hannes"]
[Black "Rowson, Jonathan"]
[Result "1-0"]
[WhiteElo "2549"]
[BlackElo "2577"]
[Annotator "Marin,M"]
[PlyCount "103"]
[EventDate "2004.10.15"]
[EventType "team-swiss"]
[EventRounds "14"]
[EventCountry "ESP"]
[SourceTitle "CBM 104"]
[Source "ChessBase"]
[SourceDate "2005.01.27"]
[SourceVersion "1"]
[SourceVersionDate "2005.01.27"]
[SourceQuality "1"]
[WhiteTeam "Iceland"]
[BlackTeam "Scotland"]
[WhiteTeamCountry "ISL"]
[BlackTeamCountry "SCO"]

1. d4 Nf6 2. c4 g6 3. Nf3 Bg7 4. g3 d5 5. cxd5 Nxd5 6. Bg2 Nb6 7. Nc3 Nc6 8. e3
O-O 9. O-O Re8 10. d5 Na5 11. Nd4 Bd7 12. e4 c6 13. Re1 cxd5 14. exd5 Nbc4 15.
b3 Qb6 16. Nce2 Ne5 17. h3 Qa6 18. Be3 Nd3 19. Rf1 e5 20. dxe6 fxe6 21. Nc1 e5
22. Bd5+ Kh8 23. Nxd3 exd4 24. Nc5 Qd6 25. Bxd4 Bxh3 26. Bxg7+ Kxg7 27. Nxb7
Nxb7 28. Bxb7 Rad8 29. Qxd6 Rxd6 30. Rfe1 Rxe1+ 31. Rxe1 Rd2 32. a3 Kf6 33. b4
Be6 34. Be4 Bd5 35. Bxd5 Rxd5 36. Rc1 a5 37. Kf1 axb4 38. axb4 Rd4 {Once the
active side has managed to place his rook behind the passed pawn, the win
should be a matter of time.} 39. Rb1 Ke6 40. Ke2 h5 41. b5 Rd7 42. b6 Rb7 43.
Kf3 g5 44. Rb5 Kf6 45. Ke4 h4 46. gxh4 gxh4 47. Kd5 h3 48. Kc6 Rh7 49. b7 h2
50. Rb1 Rh8 51. Rh1 Kg7 52. Kc7 1-0

[Event "Olympiad-39"]
[Site "Khanty-Mansiysk"]
[Date "2010.09.27"]
[Round "6.4"]
[White "Brunello, Sabino"]
[Black "Alsina Leal, Daniel"]
[Result "0-1"]
[WhiteElo "2497"]
[BlackElo "2523"]
[Annotator "Marin,M"]
[PlyCount "88"]
[EventDate "2010.09.21"]
[EventType "team-swiss"]
[EventRounds "11"]
[EventCountry "RUS"]
[SourceTitle "CBM 139"]
[Source "ChessBase"]
[SourceDate "2010.11.18"]
[SourceVersion "1"]
[SourceVersionDate "2010.11.18"]
[SourceQuality "1"]
[WhiteTeam "Italy"]
[BlackTeam "Spain"]
[WhiteTeamCountry "ITA"]
[BlackTeamCountry "ESP"]

1. d4 Nf6 2. c4 g6 3. g3 Bg7 4. Bg2 d5 5. cxd5 Nxd5 6. Nf3 Nb6 7. Nc3 Nc6 8. e3
O-O 9. O-O Re8 ({In the past,} 9... a5 {has been a favourite of the Gruenfeld
specialists at top level. Black achieves a good game in case of neutral play
by White, but the main drawback of this move is taking the a5-square away from
the knight.} 10. d5 $1 {The only way to take advantage of the aforementioned
detail.} (10. b3 {allows Black getting good play.} Nb4 11. Bb2 a4 12. Nxa4 Nxa4
13. bxa4 Nd5 {The knight is heading for a4, where it will be optimally placed.}
14. Ne5 Nb6 15. Nd3 Nxa4 16. Ba3 Be6 $1 {Black develops by using a tactical
trick. After having taken the b3-square under control, he indirectly defends
against 17 Bxb7? in view of 17 ..Nc3, winning the a3-bishop.} 17. Qc1 c6 18.
Rd1 Re8 19. Nc5 Nxc5 20. Bxc5 Ra6 21. a3 Bd5 {Black has at least equalzied. In
the next phase of the game, he carried out ...e5, leaving White with queenside
structural problems. It is curious that Benko,P-Smyslov,V/Budapest 1949/MCD 
(0-1, 35) lasted just 14 more moves before White's resignation.}) 10... Nb4 ({
The intermediate} 10... Bxc3 $2 {does not work because of} 11. dxc6 $1 {
, leaving the black queenside in danger.}) 11. e4 c6 12. a3 Na6 13. dxc6 bxc6
14. Qc2 Bg4 15. h3 Bd7 16. Rd1 Qc8 17. Kh2 c5 $14 {In Keene,R (2505)-Smyslov,V
(2605)/Teeside 1975/EXT 1999 (0-1, 53), Black managed to occupy the d4-square
before his own queenside weaknesses became relevant, but at the present moment
White's chances are preferable.}) 10. Re1 a5 11. Qe2 ({After having inserted
the rook moves,} 11. d5 {loses a pawn for just some compensation after} Bxc3 {
. White does not have time for the intermediate capture on b7, because his
rook is hanging as well.}) 11... Be6 $5 ({This certainly looks more
interesting than} 11... e5 {The idea of this move is taking advantage of the
fact that d4-d5 is not possible anymore, but after} 12. Nxe5 Nxe5 13. dxe5 Bxe5
14. e4 $14 {the kingside majority offers White the better chances, Laznicka,V 
(2636)-Navara,D (2718)/Hustopece 2010/CBM 136 Extra (1-0, 42).}) ({Some days
earlier} 11... Bg4 $146 {was played.} 12. h3 Be6 {Knowing the game
Leitao-Caruana, from this same issue, we can easily infer that h2-h3 is an
useful extra move.} 13. Rd1 Bc4 14. Qc2 Nb4 15. Qb1 Qc8 16. a3 N4d5 {Black has
activated his minor pieces, but does not enjoy absolute stability yet.} 17. Nd2
Nxc3 18. bxc3 Bd5 19. e4 Bc6 {Black has finally built up an impressive centre,
but is not optimally coordinated.} 20. Qd3 Ba4 21. Re1 c5 {With typical play
for the exchange variation and mutual chances, Leitao,R (2624)-Wang Yue (2732)/
Khanty-Mansiysk 2010/CBM 139 (0-1, 67)}) 12. Nd2 $5 $146 {[%csl Rc1,Gc4] It is
hard to give a one-sided evaluation of this move. White prevents the further
activation of the black pieces, but slows down his own development as well.} ({
Most of the games played at the Olympiad went} 12. Rd1 Bc4 13. Qc2 a4 {This
leads to interesting play, but probably fails to equalize.} (13... Nb4 {
as played in Leitao,R (2624)-Caruana,F (2700)/Khanty-Mansiysk 2010/[Caruana]
CBM 139 (0-1, 24) is probably better.}) 14. Qb1 Nb4 15. e4 c5 16. dxc5 $1 {
Curiously, in both games that reached this position, White refrained from this
natural capture, winning a tempo.} (16. d5 $2 a3 $17 {White's queenside is
completely paralyzed. Esen,B (2538)-Aronian,L (2783)/Khanty-Mansiysk 2010/CBM
139 (0-1, 27)}) (16. Be3 $2 Bd3 $1 17. Rxd3 Nxd3 18. Qxd3 cxd4 19. Nxd4 e5 $17
{Black wins material, Amanov,M (2493)-So,W (2668)/Khanty-Mansiysk 2010/CBM 139
(0-1, 47)}) 16... Bd3 ({The natural} 16... Nd7 $6 {would be answered strongly
with} 17. e5 $1 $16 {Al of a sudden, the threat of Qe4 leaves the black pieces
hanging.}) 17. Rxd3 Nxd3 18. cxb6 {Black has obvious compensation for the lost
material, because of his superior development, but the absolute evaluation is
far from clear yet.} a3 19. e5 {Neutralizing the effects of the previous move.}
Rc8 $44) 12... a4 {This may be premature.} ({I would consider} 12... Nb4 {
, winning a tempo by threatening ...Nc2 with a double attack.} 13. Rd1 Qc8 {
Black maintains the needed flexibility. The battery Q + B is a bit annoying
for White, in view of the threats ...Bg4 (forcing the unappealing f2-f3) or
even ...Bh3.}) 13. Rd1 Na5 {This is the logical consequence of the previous
move. Black's main problem, though, is that two of his minor pieces are
competing for the same square: c4.} 14. Nde4 {[%cal Ge4c5]} Bc4 (14... Nac4 15.
Nc5 {[%csl Ge6]}) 15. Qc2 Nc6 {A forced change of plan, since the c4-square
already has been occupied.} 16. Nc5 Nb4 17. Qb1 {This is playable, although a
bit passive.} ({Black would have faced big problems after the slightly
paradoxical} 17. Qd2 $1 {For the second time in this game, White blocks the
own bishop by placing a piece on d2. Apart from the obvious Nxb7 and Bxb7,
White threatens N3xa4, leaving the b4-knight hanging.}) 17... e5 18. a3 {
White's main problem in this phase of the game is the wide choice of
apparently equivalent continuations. Even after discarding some of them as
offerng Black too much play, he still is left with at least 2 playable moves.
Successive decision making can be rather confusing in a practical game...} (18.
Nxb7 Qe7 19. dxe5 (19. d5 e4) 19... Bxe5 20. a3 Bxc3 21. bxc3 (21. axb4 Bxb4
22. Bd2 Bxd2 23. Rxd2 Bb5 $11) 21... N4d5 22. Bd2 Bb3 23. c4 $5 (23. Rc1 Nc4
$17) 23... Bxd1 24. Qxd1 $44) (18. Bxb7 exd4 19. Bxa8 (19. exd4 Rb8 20. Be3
N6d5 $36) 19... Qxa8 20. exd4 Bxd4 $1 $44) (18. b3 $5 {may have been a better
way to question the stability of the enemy pieces. Since the bishop has no
favourable squares for retreat, Black should try} N4d5 19. Nxd5 Bxd5 20. e4 Be6
21. d5 Bg4 22. f3 Bc8 23. Be3 $14) 18... N4d5 19. Nxd5 Nxd5 20. dxe5 Qe7 {
Black's position has livened up a bit. He is better developed, but still is a
pawn down. besides, the kingside majority could become dangerous in the long
run.} 21. Nd3 {This is too passive.} (21. Nxa4 $5 {would have been a better
form of sticking to the minimal material advantage with some hopes of
cmpleting the development.}) 21... Bb3 22. Re1 Rad8 23. f4 c5 24. Nf2 ({Why not
} 24. Bd2 $5 {(?) White should aim completing his development.}) 24... Nb6 25.
Qe4 Rd7 26. h4 Nc4 {White's queenside is paralyzed now.} 27. Bh3 Rdd8 28. Qg2
f6 $36 {Having completed his development, Black opens the centre.} 29. e4 {
I assume that the next phase of the game was played in mutual time trouble.} (
29. exf6 Bxf6 30. Ng4 Bd4 $5 {maintains the pressure.}) 29... fxe5 30. f5 Rf8 (
30... Rd4 31. Bg5 Qd6 32. Ng4 Rf8 $15) 31. Ng4 (31. Bg5 $5) 31... Qd6 (31...
Rd4) 32. Bg5 Qd4+ 33. Kh2 Rd6 34. Be7 gxf5 35. Nf2 (35. exf5 $1 {[%cal Gg2b7]})
35... f4 $1 $17 36. Bxd6 fxg3+ 37. Kxg3 Nxd6 38. Nh1 Kh8 39. Qg1 Nxe4+ 40. Kh2
Qxb2+ 41. Qg2 Nd2 42. Bg4 Bd5 43. Qe2 Bf3 44. Bxf3 Nxf3+ 0-1